Willis"s Elements of Quality Surveying; (Record no. 8211)

MARC details
000 -LEADER
fixed length control field 00488nam a22001937a 4500
003 - CONTROL NUMBER IDENTIFIER
control field OSt
005 - DATE AND TIME OF LATEST TRANSACTION
control field 20231012132030.0
008 - FIXED-LENGTH DATA ELEMENTS--GENERAL INFORMATION
fixed length control field 231012b |||||||| |||| 00| 0 eng d
020 ## - INTERNATIONAL STANDARD BOOK NUMBER
International Standard Book Number 9781119633181
040 ## - CATALOGING SOURCE
Transcribing agency DDC.
082 ## - DEWEY DECIMAL CLASSIFICATION NUMBER
Classification number 692.5 LEE 2020.
100 ## - MAIN ENTRY--PERSONAL NAME
Personal name Lee,sandra;
9 (RLIN) 16751
245 ## - TITLE STATEMENT
Title Willis"s Elements of Quality Surveying;
250 ## - EDITION STATEMENT
Edition statement 13th ed.
300 ## - PHYSICAL DESCRIPTION
Extent 320p;
Other physical details ill.
Dimensions 24cm.
504 ## - BIBLIOGRAPHY, ETC. NOTE
Bibliography, etc includes index.
650 ## - SUBJECT ADDED ENTRY--TOPICAL TERM
Topical term or geographic name as entry element Quantity Surveying.
9 (RLIN) 16752
942 ## - ADDED ENTRY ELEMENTS (KOHA)
Source of classification or shelving scheme Dewey Decimal Classification
Koha item type Book Bank
Holdings
Withdrawn status Lost status Source of classification or shelving scheme Damaged status Not for loan Home library Current library Date acquired Source of acquisition Inventory number Total Checkouts Full call number Barcode Date last seen Price effective from Koha item type
    Dewey Decimal Classification     Main Kihumuro Campus Main Kihumuro Campus 12/10/2023 purchase 23/42111   692.5 LEE 2020. 2023-0633 12/10/2023 12/10/2023 Book Bank
    Dewey Decimal Classification     Main Kihumuro Campus Main Kihumuro Campus 12/10/2023 purchase 23/42112   692.5 LEE 2020. 2023-0634 12/10/2023 12/10/2023 Book Bank